000 00353nam a2200145Ia 4500
005 20251222144717.0
008 251222s9999||||xx |||||||||||||| ||spa||
020 _a9789972932977
082 _a650.01513/V21
100 _aValera Moreno, Rafael
245 0 _aMatemática Financiera
250 _a7ma.ed.
264 _bUniverdad de Piura
942 _cLIB
999 _c18046
_d18046